书目信息 |
| 题名: |
机械设计基础
|
|
| 作者: | ;南京工学院 编 | |
| 分册: | ||
| 出版信息: | 北京 人民教育出版社 1981 |
|
| 页数: | 280页 | |
| 开本: | 26cm | |
| 丛书名: | ||
| 单 册: | ||
| 中图分类: | TH11 | |
| 科图分类: | ||
| 主题词: | 机械设计--高等学校--教材 | |
| 电子资源: | ||
| ISBN: | ||
| 000 | 00652nam0 2200241 45 | |
| 001 | 0179005358 | |
| 005 | 20070724083418.78 | |
| 010 | @dCNY1.60 | |
| 091 | @aCN@b15010.0370 | |
| 100 | @a19950731d1981 em y0chiy0121 ea | |
| 101 | 0 | @achi |
| 102 | @aCN@b110000 | |
| 105 | @ay z 000yy | |
| 200 | 10 | @a机械设计基础@Aji xie she ji ji chu@f南京工学院等编 |
| 205 | @a2版@b修订版 | |
| 210 | @a北京@c人民教育出版社@d1981@h1982 | |
| 215 | @a280页@d26cm | |
| 300 | @a高等学校教材 | |
| 606 | @a机械设计@x高等学校@x教材 | |
| 690 | @aTH11@v3 | |
| 711 | 02 | @a南京工学院@Anan jing gong xue yuan@4编 |
| 801 | 0 | @aCN@bTSSF@c20070724 |
| 905 | @a10447@dTH11@e31 | |
| 机械设计基础/南京工学院等编.-2版,修订版.-北京:人民教育出版社,1981(1982) |
| 280页;26cm |
| 高等学校教材 |
| ISBN :CNY1.60 |
| ● |
| 相关链接 |
|
|
|
|
正题名:机械设计基础
索取号:TH11/31
 
预约/预借
| 序号 | 登录号 | 条形码 | 馆藏地/架位号 | 状态 | 备注 |
| 1 | 0768467 | 207684674 | 第二样本阅览室/ [索取号:TH11/31] | 在馆 |